Calculus of variations /

Guardado en:
Autor Principal: Gel´fand, I. M.
Otros Autores: Fomin, S. V., Silverman, Richard A. (Traductor, Editor )
Formato: Libro
Idioma:English
Russian
Publicado: Englewood Cliffs, N.J. : Prentice-Hall, c1963.
Edición:Rev. English ed. /
Series:Selected Russian publications in the mathematical sciences
Etiquetas: Agregar Etiqueta
Sin Etiquetas, Sea el primero en etiquetar este registro!
LEADER 01437cam a22002655 4500
001 MAT.inmabb001857
008 720107s1963####njua#####b####001#0#eng#d
005 20130324171345.0
245 0 0 |a Calculus of variations /  |c I. M. Gelfand, S. V. Fomin. 
250 |a Rev. English ed. /  |b translated and edited by Richard A. Silverman. 
260 |a Englewood Cliffs, N.J. :  |b Prentice-Hall,  |c c1963. 
300 |a vii, 232 p. :  |b diagrs. ;  |c 24 cm. 
440 0 |a Selected Russian publications in the mathematical sciences 
504 |a Bibliografía: p. 227. 
500 |a "Based on lectures given by I.M. Gelfand in the Mechanics and Mathematics Department of Moscow State University." 
505 0 |a 1. Elements of the theory -- 2. Further generalizations -- 3. The general variation of a functional -- 4. The canonical form of the Euler equations and related topics -- 5. The second variation. Sufficient conditions for a weak extremum -- 6. Fields. Sufficient conditions for a strong extremum -- 7. Variational problems involving multiple integrals -- 8. Direct methods in the calculus of variations. 
510 4 |a MR,  |c 28 #3353 
100 1 |a Gel´fand, I. M.  |q (Izrail´ Moiseevich) 
240 1 0 |a Variatsionnoe ischislenie.  |l Inglés 
700 1 |a Fomin, S. V.  |q (Sergei Vasil´evich) 
700 1 |a Silverman, Richard A.  |4 trl  |4 edt 
084 |a 49  |2 msc2000 
010 |a  63018806  
041 1 |a eng  |h rus 
859 |h 49  |i G316  |p A-3342  |b BIB. MATEMATICA